Modern organizations (Record no. 515671)

000 -LEADER
fixed length control field 00246nam a22000977a 4500
082 ## - DEWEY DECIMAL CLASSIFICATION NUMBER
Classification number TNC I513 Et99
100 ## - MAIN ENTRY--PERSONAL NAME
Personal name Etzioni, Amitai
9 (RLIN) 21394
245 ## - TITLE STATEMENT
Title Modern organizations
Statement of responsibility, etc by Amitai Etzioni
260 ## - PUBLICATION, DISTRIBUTION, ETC. (IMPRINT)
Place of publication, distribution, etc New Delhi
Name of publisher, distributor, etc Prentice
Date of publication, distribution, etc 1965
300 ## - PHYSICAL DESCRIPTION
Extent 120p.
Holdings
Withdrawn status Lost status Source of classification or shelving scheme Damaged status Koha normalized classification for sorting Not for loan Permanent location Current location Date acquired Full call number Barcode Date last seen Price effective from Koha item type
        TNC_I513_ET99   Indian Institute of Public Administration Indian Institute of Public Administration 2021-02-03 TNC I513 Et99 GR22255 2021-02-03 2021-02-03 GR

Powered by Koha